Κατάλογος Βιβλιοθηκών Mediterranean College

Royal Mail Guide to Direct Mail for Small Businesses / Find the right prospects, Control your costs, Make your mailshots work (Record no. 721)

MARC details
000 -LEADER
fixed length control field 01168cam a22001934a 4500
005 - ΗΜΕΡΟΜΗΝΙΑ ΚΑΙ ΩΡΑ ΤΕΛΕΥΤΑΙΑΣ ΕΝΗΜΕΡΩΣΗΣ
Πεδίο ελέγχου 20250605163944.0
008 - FIXED-LENGTH DATA ELEMENTS--GENERAL INFORMATION
Πεδίο ελέγχου σταθερού μήκους 250528s ||||||||||||||||||||||||d
035 ## - SYSTEM CONTROL NUMBER
System control number 15126
020 ## - ISBN
ISBN 750627476
040 ## - ΠΗΓΗ ΚΑΤΑΛΟΓΟΓΡΑΦΗΣΗΣ
Φορέας πρωτότυπης καταλογογράφησης MC Athens Campus Library
Γλώσσα καταλογογράφησης Ελληνικά, Μοντέρνα (1453-)
Modifying agency MC Athens Campus Library
Κανόνες περιγραφικής καταλογογράφησης AACR2
245 1# - ΤΙΤΛΟΣ ΚΑΙ ΔΗΛΩΣΗ ΥΠΕΥΘΥΝΟΤΗΤΑΣ
Τίτλος Royal Mail Guide to Direct Mail for Small Businesses / Find the right prospects, Control your costs, Make your mailshots work
260 ## - PUBLICATION, DISTRIBUTION, ETC.
Name of publisher, distributor, etc. Butterworth Heinemann,
Date of publication, distribution, etc. 1996
300 ## - PHYSICAL DESCRIPTION
Extent 308
520 ## - SUMMARY, ETC.
Summary, etc. Preface, Introduction, Direct Mail and Other Advertising Methods, Why Direct Mail Works so Well, Information, Understanding Your Customers, Targeting and Segmentation, The Marketing Database - Your Own Private Advertising Medium, Mailing Lists (Rented or External), Communications, The Importance of an Offer, How to Increase Responses Through more Effective Writing and Design, Direct Mail Testing and Measurement, Services, When to Use Outside Suppliers and How to Choose Them, Royal Mail Services to Help You Develop Your Business, Campaign Planning, Campaign Planning and Management, Appendices, Glossary, Index.
700 1# - ΠΡΟΣΘΕΤΗ ΑΝΑΓΡΑΦΗ--ΦΥΣΙΚΟ ΠΡΟΣΩΠΟ
Personal name Thomas Brian
9 (RLIN) 976
942 ## - ADDED ENTRY ELEMENTS (KOHA)
Koha item type Books
Holdings
Τύπος τεκμηρίου Βιβλιοθήκη Τρέχουσα τοποθεσία Barcode Αριθμός εισαγωγής Ημερομηνία απόκτησης Ταξιθετικό σύμβολο Αριθμός αντιτύπου Κατάσταση απόσυρσης Κατάσταση χαμένου Κατάσταση κατεστραμμένου Μη δανεισμός Σύνολο δανεισμών Ημερομηνία τελευταίας εμφάνισης Η τιμή ισχύει από
Books MC Athens Campus Library MC Athens Campus Library 9780000007209 1356 05/06/2025 658.84 THO 1           05/06/2025 05/06/2025

MC Athens Campus Library
Πατησίων 94 & Κοδριγκτώνος 13, 104 34
Πελλήνης 8 & Πατησίων 107, 112 51
Τ: +30 210 8899600

MC Thessaloniki Campus Library
Ίωνος Δραγούμη 21, 54625 | Ίωνος Δραγούμη 15, 54625
Τ: +30 2310 287779 – Τ: +30 2314 440300